00506nam a2200193 a 4500001001300000003000900013005001700022008004100039020002600080082002100106100001600127245004000143260003600183300000900219500003500228505001000263650002300273700001600296nice12345678IN_TiNIC20260116013131.0050524s1990 cola grp 000 0 eng  a0813307 c732.5500a956.953 044bPER aPeretz, Don aIntifadab the Palestinian Uprising aColoradobWestview Press c1990 a246p aincludes index and biblioraphy2 aIndex aIntifada-Palestine1 aPeretz, Don